5HLuxD.jpg

KING HENRY VIII SENIOR AND PRIMARY SCHOOL LIBRARY OPAC

This one summer / (Record no. 1086)

000 -LEADER
fixed length control field 01605cam a2200337 i 4500
001 - CONTROL NUMBER
control field 000785008
003 - CONTROL NUMBER IDENTIFIER
control field ChTaNC
005 - DATE AND TIME OF LATEST TRANSACTION
control field 20210531112024.0
008 - FIXED-LENGTH DATA ELEMENTS--GENERAL INFORMATION
fixed length control field 160315s2014 xxu c 000 u eng d
020 ## - INTERNATIONAL STANDARD BOOK NUMBER
International Standard Book Number 9781596437746
040 ## - CATALOGING SOURCE
Language of cataloging eng
Transcribing agency KH8
Modifying agency KH8
Description conventions aacr2
042 ## - AUTHENTICATION CODE
Authentication code nbic
082 0# - DEWEY DECIMAL CLASSIFICATION NUMBER
Classification number FIC TAM
100 1# - MAIN ENTRY--PERSONAL NAME
Personal name Tamaki, Mariko
Relator term author.
245 10 - TITLE STATEMENT
Title This one summer /
Statement of responsibility, etc. Mariko Tamaki, Jillian Tamaki.
246 13 - VARYING FORM OF TITLE
Title proper/short title This 1 summer.
250 ## - EDITION STATEMENT
Edition statement First edition.
260 ## - PUBLICATION, DISTRIBUTION, ETC.
Place of publication, distribution, etc. New York :
Name of publisher, distributor, etc. First Second,
Date of publication, distribution, etc. c2014.
300 ## - PHYSICAL DESCRIPTION
Extent 317 pages :
Other physical details ill. ;
Dimensions 23 cm.
500 ## - GENERAL NOTE
General note Caldecott Honor Book /2014.
500 ## - GENERAL NOTE
General note Michael L. Printz Award Honor book /2014.
520 ## - SUMMARY, ETC.
Summary, etc. Rose and her parents have been going to Awago Beach since she was a little girl. It's her summer getaway, her refuge. Her friend Windy is always there, too, like the little sister she never had, completing her summer family. But this summer is different. Rose's mom and dad won't stop fighting, and Rose and Windy have gotten tangled up in a tragedy-in-the-making in the small town of Awago Beach. It's a summer of secrets and heartache, and it's a good thing Rose and Windy have each other.
650 #0 - SUBJECT ADDED ENTRY--TOPICAL TERM
Topical term or geographic name entry element Teenage girls
General subdivision Comic books, strips, etc.
650 #0 - SUBJECT ADDED ENTRY--TOPICAL TERM
Topical term or geographic name entry element Teenagers
General subdivision Conduct of life
-- Comic books, strips, etc.
650 #0 - SUBJECT ADDED ENTRY--TOPICAL TERM
Topical term or geographic name entry element Adolescence
General subdivision Comic books, strips, etc.
650 #0 - SUBJECT ADDED ENTRY--TOPICAL TERM
Topical term or geographic name entry element Interpersonal relations
General subdivision Comic books, strips, etc.
650 #0 - SUBJECT ADDED ENTRY--TOPICAL TERM
Topical term or geographic name entry element Friendship
General subdivision Comic books, strips, etc.
650 #0 - SUBJECT ADDED ENTRY--TOPICAL TERM
Topical term or geographic name entry element Love in adolescence
General subdivision Comic books, strips, etc.
700 1# - ADDED ENTRY--PERSONAL NAME
Personal name Tamaki, Jillian
Dates associated with a name 1980-
Relator term illustrator.
942 ## - ADDED ENTRY ELEMENTS (KOHA)
Source of classification or shelving scheme
Koha item type Books - Fiction
Holdings
Withdrawn status Lost status Source of classification or shelving scheme Damaged status Not for loan Collection code Permanent Location Current Location Shelving location Date acquired Total Checkouts Full call number Barcode Date last seen Date last checked out Price effective from Koha item type
          Fiction KH8 Senior School Library KH8 Senior School Library Graphic Novel 2021-05-31 6 FIC TAM 3KHSL000101810 2024-09-04 2024-03-13 2021-05-31 Books - Fiction

Powered By KH8 IT Dept